000 01542cam a2200157 4500500
005 20260412000656.0
041 _afre
042 _adc
100 1 0 _aEychart, Baptiste
_eauthor
245 0 0 _a Luca BASSO, Agire in comune. Antropologia e politica nell’ultimo Marx, Sindbad, Ombre Corte, 249 pages
260 _c2016.
500 _a37
520 _aMarxism and Sociology: the Points of Encounter In this interview Frédéric Lebaron reflects on his relation to Marx and to Marxist traditions, in particular regarding the governing orientation of his research project. The interview goes on to examine the relations and confrontations which exist between various Marxisms and sociological approaches, with specific reference to the question of the “Marxo-Weberian” paradigm. A number of recent works in the field of sociology are also discussed, notably those by Julian Mischi on French communism. More generally, F. Lebaron reappraises the question of the possible meeting-points between various readings of Marx and certain approaches drawing on the project of Pierre Bourdieu, despite the divergence that exists between them on certain essential points, in terms of their epistemological presuppositions. F. Lebaron therefore highlights the convergence between traditions which do indeed differ, but whose complementarity appears to him fruitful.
786 0 _nActuel Marx | 60 | 2 | 2016-09-23 | p. 182c-183c | 0994-4524
856 4 1 _uhttps://shs.cairn.info/revue-actuel-marx-2016-2-page-182c?lang=fr&redirect-ssocas=7080
999 _c2210842
_d2210842